The obsessive traveller : (Record no. 1854)

MARC details
000 -LEADER
fixed length control field 01301nam a2200385 a 4500
001 - CONTROL NUMBER
control field data
005 - DATE AND TIME OF LATEST TRANSACTION
control field 20260322212121.0
008 - FIXED-LENGTH DATA ELEMENTS--GENERAL INFORMATION
fixed length control field data
035 ## - SYSTEM CONTROL NUMBER
System control number 2548302
010 ## - LIBRARY OF CONGRESS CONTROL NUMBER
LC control number 94142921
015 ## - NATIONAL BIBLIOGRAPHY NUMBER
National bibliography number GB92-23064
020 ## - INTERNATIONAL STANDARD BOOK NUMBER
International Standard Book Number 0006378072 (pbk) :
Terms of availability £4.99
020 ## - INTERNATIONAL STANDARD BOOK NUMBER
International Standard Book Number 9780006378075
035 ## - SYSTEM CONTROL NUMBER
-- (DLC) 94142921
035 ## - SYSTEM CONTROL NUMBER
System control number (OCoLC)26543310
040 ## - CATALOGING SOURCE
Original cataloging agency Uk
Transcribing agency Uk
Modifying agency DLC
042 ## - AUTHENTICATION CODE
Authentication code lccopycat
050 00 - LIBRARY OF CONGRESS CALL NUMBER
Classification number G151
Item number .D35 1992
082 04 - DEWEY DECIMAL CLASSIFICATION NUMBER
Classification number 910.4
Edition information 20
100 1# - MAIN ENTRY--PERSONAL NAME
Personal name Dale, David,
Dates associated with a name 1948-
245 14 - TITLE STATEMENT
Title The obsessive traveller :
Remainder of title or why I don't steal towels from great hotels any more /
Statement of responsibility, etc. David Dale ; illuminations by Matthew Martin.
260 ## - PUBLICATION, DISTRIBUTION, ETC.
Place of publication, distribution, etc. London :
Name of publisher, distributor, etc. Fontana,
Date of publication, distribution, etc. 1992.
300 ## - PHYSICAL DESCRIPTION
Extent 192 p. :
Other physical details ill. ;
Dimensions 20 cm.
336 ## - CONTENT TYPE
Content type term text
Content type code txt
Source rdacontent
337 ## - MEDIA TYPE
Media type term unmediated
Media type code n
Source rdamedia
338 ## - CARRIER TYPE
Carrier type term volume
Carrier type code nc
Source rdacarrier
500 ## - GENERAL NOTE
General note Includes index.
650 #0 - SUBJECT ADDED ENTRY--TOPICAL TERM
Topical term or geographic name entry element Travel.
653 0# - INDEX TERM--UNCONTROLLED
Uncontrolled term Travel
906 ## - LOCAL DATA ELEMENT F, LDF (RLIN)
a 7
b cbc
c copycat
d 3
e ncip
f 19
g y-gencatlg
922 ## -
-- invoice no. 247437 dtd 6.6.94
-- invoice no. 247437 dtd 6.6.94
991 ## -
-- c-GenColl
-- G151
-- .D35 1992
-- Copy 1
-- BOOKS
Holdings
Withdrawn status Lost status Damaged status Not for loan Home library Current library Shelving location Date acquired Total checkouts Full call number Barcode Date last seen Price effective from Koha item type
        Centerville Centerville General stacks 22/03/2026   910.4 LOC-CPL-00022 22/03/2026 22/03/2026 Books